|
|
|
|
| LEADER |
00000nam0a2200000 4500 |
| 001 |
311286 |
| 005 |
20231102002354.0 |
| 020 |
|
|
|a RU
|b 82-24852
|
| 035 |
|
|
|a (RuTPU)RU\TPU\book\336643
|
| 090 |
|
|
|a 311286
|
| 100 |
|
|
|a 20151204d1982 k y0rusy5003 ca
|
| 101 |
0 |
|
|a rus
|
| 102 |
|
|
|a BY
|
| 105 |
|
|
|a a z 001zy
|
| 200 |
1 |
|
|a Пространственная структура лазерного излучения
|f А. М. Бельский, Т. М. Корнейчик, А. П. Хапалюк
|
| 210 |
|
|
|a Минск
|c Изд-во БГУ
|d 1982
|
| 215 |
|
|
|a 198 с.
|c ил.
|
| 320 |
|
|
|a Библиогр.: с. 194-197
|
| 606 |
1 |
|
|a Лазерное излучение
|2 stltpush
|3 (RuTPU)RU\TPU\subj\39804
|9 59713
|
| 610 |
1 |
|
|a пространственная структура
|
| 610 |
1 |
|
|a свет
|
| 610 |
1 |
|
|a гауссовы пучки
|
| 610 |
1 |
|
|a генерация
|
| 610 |
1 |
|
|a активные среды
|
| 610 |
1 |
|
|a неоднородные среды
|
| 675 |
|
|
|a 537.86:530.145
|z rus
|v 4
|
| 700 |
|
1 |
|a Бельский
|b А. М.
|g Александр Михайлович
|4 070
|
| 701 |
|
1 |
|a Корнейчик
|b Т. М.
|g Татьяна Михайловна
|
| 701 |
|
1 |
|a Хапалюк
|b А. П.
|g Александр Петрович
|
| 801 |
|
0 |
|a RU
|b RuMRKP
|c 19950704
|g psbo
|
| 801 |
|
1 |
|a RU
|b 63413507
|c 20151204
|
| 801 |
|
2 |
|a RU
|b 63413507
|c 20171018
|g RCR
|
| 942 |
|
|
|c BK
|